00338nam a2200145Ia 4500008004100000041000800041082000800049100001700057245005700074250000800131260001700139300000800156542001500164650001300179220531s9999 xx 000 0 und d aeng bGUP aGupta, D. K. aU G C Net/ Jrf/ Slet Teaching And Research Aptitude a3RD bVishalc2004 a304 d28-08-2004 aGeneral